Normal view
MARC view
Entry Personal Name
001 - CONTROL NUMBER
- control field: 46126
003 - CONTROL NUMBER IDENTIFIER
- control field: ARRUPE
005 - DATE AND TIME OF LATEST TRANSACTION
- control field: 20190430111511.0
008 - FIXED-LENGTH DATA ELEMENTS
- fixed length control field: 190430|| aca||aabn | a|a d
040 ## - CATALOGING SOURCE
- Original cataloging agency: ARRUPE
- Transcribing agency: ARRUPE
100 ## - HEADING--PERSONAL NAME
- Personal name: Maloney, George A.,
- Dates associated with a name: 1924-2005.
670 ## - SOURCE DATA FOUND
- Source citation: Work cat.: (ARRUPE)0: Maloney, George A., 1924-2005., Why not become totally fire? :, c1989.